[Event "Schachfestival 2014"]
[Site "Bad WÃ¶rishofen"]
[Date "2014.03.26"]
[Round "7.62"]
[White "Stull, Norbert"]
[Black "Margraf, Christoph"]
[Result "1-0"]
[WhiteElo "2069"]
[BlackElo "1937"]
[Annotator "chessorg"]
[PlyCount "51"]
[EventDate "2014.??.??"]
[WhiteTeam "Le Cavalier Differdange"]
[BlackTeam "SC Ansbach 1855"]

1. d4 Nf6 2. c4 e6 3. Nf3 c5 4. d5 exd5 5. cxd5 d6 6. Nc3 g6 7. e4 Bg7 8. Bb5+
Nfd7 9. a4 a6 10. Bd3 O-O 11. O-O Ne5 12. Nxe5 Bxe5 13. Be3 f5 14. exf5 Bxf5
15. Bxf5 Rxf5 16. f4 Bg7 17. Qd2 Bxc3 18. bxc3 c4 19. g4 Rf7 20. Bd4 Nd7 21. f5
gxf5 22. gxf5 Nf6 23. Rae1 Qf8 24. Kh1 Re8 25. Qg5+ Kh8 26. Rxe8 1-0

[Event "Schachfestival 2014"]
[Site "Bad WÃ¶rishofen"]
[Date "2014.03.26"]
[Round "7.63"]
[White "Knoll, Georg"]
[Black "Moors, Marc"]
[Result "1-0"]
[WhiteElo "2058"]
[BlackElo "1876"]
[Annotator "chessorg"]
[PlyCount "71"]
[EventDate "2014.??.??"]
[BlackTeam "Brasschaat"]

1. d4 d5 2. c4 c6 3. Nc3 Nf6 4. e3 a6 5. Nf3 Nbd7 6. cxd5 cxd5 7. Bd3 e6 8. O-O
Be7 9. Bd2 b5 10. a4 b4 11. Na2 a5 12. Rc1 O-O 13. Qc2 Ba6 14. Bxa6 Rxa6 15.
Ne1 Ne4 16. Qd3 Ra8 17. f3 Nxd2 18. Qxd2 Qb6 19. Nd3 Rac8 20. Rxc8 Rxc8 21. Rc1
Qb7 22. Rxc8+ Qxc8 23. Qc1 Qc4 24. Qb1 Qb3 25. Nac1 Qxa4 26. b3 Qc6 27. Kf2 f6
28. Ne2 Nb6 29. Nef4 Kf7 30. Nc5 Bxc5 31. dxc5 Qxc5 32. Qxh7 Qd6 33. Qh5+ Kg8
34. Qe8+ Kh7 35. Nxe6 Qxh2 36. Nf8+ 1-0

[Event "Schachfestival 2014"]
[Site "Bad WÃ¶rishofen"]
[Date "2014.03.26"]
[Round "7.65"]
[White "Fiedler, Wolfgang"]
[Black "Auschkalnis, Reinhard"]
[Result "1-0"]
[WhiteElo "2012"]
[BlackElo "1814"]
[Annotator "chessorg"]
[PlyCount "67"]
[EventDate "2014.??.??"]
[WhiteTeam "SK Zirndorf e.V."]
[BlackTeam "Schachclub Bonn Beuel"]

1. Nf3 d5 2. g3 Bg4 3. Bg2 Nf6 4. h3 Bh5 5. d3 c6 6. Nbd2 e6 7. g4 Bg6 8. Ne5
Nbd7 9. Nxg6 hxg6 10. e4 Bd6 11. Qe2 O-O 12. Nf3 Qc7 13. Bd2 a5 14. Bc3 Bb4 15.
Bd2 Bxd2+ 16. Nxd2 a4 17. O-O Qf4 18. Qe3 e5 19. Qxf4 exf4 20. g5 Nh7 21. exd5
cxd5 22. Bxd5 Nxg5 23. Bxb7 Rab8 24. Bc6 Ne5 25. Bxa4 Nxh3+ 26. Kg2 Ng5 27. Bb3
f3+ 28. Kg3 Rxb3 29. axb3 f5 30. Kf4 Ngf7 31. Nxf3 g5+ 32. Nxg5 Ng6+ 33. Kxf5
Nfe5+ 34. Ke4 1-0

[Event "Schachfestival 2014"]
[Site "Bad WÃ¶rishofen"]
[Date "2014.03.26"]
[Round "7.73"]
[White "Engl, Heinz"]
[Black "Plug, Arjan"]
[Result "1/2-1/2"]
[WhiteElo "2084"]
[BlackElo "1879"]
[Annotator "chessorg"]
[PlyCount "54"]
[EventDate "2014.??.??"]
[WhiteTeam "DBSB"]
[BlackTeam "Daniel Noteboom"]

1. e4 e6 2. d4 d5 3. Nc3 h6 4. Nf3 Nf6 5. Bd3 Bb4 6. e5 Ne4 7. Bd2 Nxd2 8. Qxd2
c5 9. dxc5 Qa5 10. O-O Nd7 11. Qf4 Bxc3 12. bxc3 Nxc5 13. Qb4 Qxb4 14. cxb4 Na4
15. Nd4 a6 16. f4 g6 17. Rab1 Bd7 18. g4 h5 19. f5 gxf5 20. gxf5 Rg8+ 21. Kf2
Nc3 22. Rb3 Rc8 23. Rg1 Rxg1 24. Kxg1 Nxa2 25. fxe6 Bxe6 26. Ne2 d4 27. Rb2 Nc3
1/2-1/2

[Event "Schachfestival 2014"]
[Site "Bad WÃ¶rishofen"]
[Date "2014.03.26"]
[Round "7.75"]
[White "Rutten, David"]
[Black "Heinich, Manfred"]
[Result "1-0"]
[WhiteElo "1852"]
[BlackElo "2040"]
[Annotator "chessorg"]
[PlyCount "53"]
[EventDate "2014.??.??"]
[BlackTeam "DBSB"]

1. d4 Nf6 2. c4 c5 3. d5 b5 4. cxb5 a6 5. bxa6 g6 6. Nc3 Bxa6 7. g3 d6 8. Bg2
Bg7 9. Nf3 Nbd7 10. O-O O-O 11. Rb1 Qa5 12. Bd2 Bb7 13. Nh4 Qa6 14. b3 Nb6 15.
e4 Ng4 16. Qxg4 Qd3 17. Bg5 Qxc3 18. Bxe7 Rfe8 19. Bxd6 Rxa2 20. Bc7 Ba6 21.
Bxb6 Bxf1 22. Rxf1 Bd4 23. Nf3 Qxb3 24. Bc7 Rea8 25. d6 Ra1 26. Nxd4 Qd3 27.
Nf5 1-0

[Event "Schachfestival 2014"]
[Site "Bad WÃ¶rishofen"]
[Date "2014.03.26"]
[Round "7.84"]
[White "Frijling, Jeroen"]
[Black "Urban, Rudolf"]
[Result "1-0"]
[WhiteElo "1833"]
[BlackElo "1903"]
[Annotator "chessorg"]
[PlyCount "29"]
[EventDate "2014.??.??"]
[WhiteTeam "Alphense SC"]
[BlackTeam "SC Roter Turm Altstadt"]

1. d4 Nf6 2. c4 e5 3. dxe5 Ng4 4. Bf4 Nc6 5. Nf3 Bb4+ 6. Nbd2 Qe7 7. e3 Ngxe5
8. Nxe5 Nxe5 9. Be2 d6 10. O-O O-O 11. Nb3 Be6 12. a3 Nxc4 13. axb4 Ne5 14. Nd4
Bd5 15. Nf5 1-0

[Event "Schachfestival 2014"]
[Site "Bad WÃ¶rishofen"]
[Date "2014.03.26"]
[Round "7.87"]
[White "Tichacek, Alois"]
[Black "Kleinhenz, Hans-Georg"]
[Result "1/2-1/2"]
[WhiteElo "1770"]
[BlackElo "1887"]
[Annotator "chessorg"]
[PlyCount "52"]
[EventDate "2014.??.??"]
[WhiteTeam "MOD"]
[BlackTeam "Stolberger Schachverein 1927"]

1. Nf3 Nf6 2. d4 e6 3. g3 b6 4. Bg2 Bb7 5. O-O Be7 6. Nbd2 O-O 7. b3 c5 8. e3
d6 9. c4 Nbd7 10. Qc2 Qc7 11. Bb2 Rac8 12. a4 a5 13. Rfe1 h6 14. e4 e5 15. d5
Nh5 16. Bh3 Rce8 17. Nf1 Bc8 18. Ne3 g6 19. Bc1 Ndf6 20. Bg2 Kg7 21. Nh4 Ng8
22. Nf3 Bd7 23. Qe2 Bd8 24. h3 Qc8 25. Kh2 Kh7 26. Rf1 Bf6 1/2-1/2

[Event "Schachfestival 2014"]
[Site "Bad WÃ¶rishofen"]
[Date "2014.03.26"]
[Round "7.93"]
[White "Dahmen, Jürgen"]
[Black "Schmid, Arnold"]
[Result "1/2-1/2"]
[WhiteElo "1807"]
[BlackElo "1605"]
[Annotator "chessorg"]
[PlyCount "37"]
[EventDate "2014.??.??"]
[WhiteTeam "SV Stuttgart-Wolfbusch 1956 e.V."]
[BlackTeam "Sportgemeinschaft Kaarst 1912/35"]

1. c4 c6 2. Nc3 Nf6 3. Nf3 d5 4. cxd5 cxd5 5. d4 e6 6. Bf4 Nc6 7. e3 a6 8. Bd3
Be7 9. h3 O-O 10. a3 b5 11. O-O Bb7 12. Qb1 g6 13. Rc1 Qb6 14. Ne2 Rfc8 15. Rc3
Qd8 16. Qc2 Qd7 17. b4 Ne8 18. Rc1 Bd6 19. Ne5 1/2-1/2

[Event "Schachfestival 2014"]
[Site "Bad WÃ¶rishofen"]
[Date "2014.03.26"]
[Round "7.94"]
[White "D Aste, Federico"]
[Black "Floeren, Ernst"]
[Result "0-1"]
[WhiteElo "1479"]
[BlackElo "1748"]
[Annotator "chessorg"]
[PlyCount "42"]
[EventDate "2014.??.??"]

1. e4 e5 2. Nf3 Nc6 3. Bc4 Bc5 4. c3 Nf6 5. d4 exd4 6. cxd4 Bb4+ 7. Nc3 Nxe4 8.
O-O Bxc3 9. d5 Ne7 10. bxc3 Nd6 11. Bb3 h6 12. Re1 O-O 13. Ne5 Ndf5 14. Bc2 d6
15. Ng4 Ng6 16. Qd3 Re8 17. Bb2 Bd7 18. c4 Qg5 19. h3 h5 20. Ne3 Nf4 21. Qc3
Rxe3 0-1

[Event "Schachfestival 2014 - Senioren"]
[Site "Bad WÃ¶rishofen"]
[Date "2014.03.24"]
[Round "5.4"]
[White "Böttcher, Ulrich"]
[Black "Bhend, Edwin"]
[Result "0-1"]
[WhiteElo "2078"]
[BlackElo "2200"]
[Annotator "chessorg"]
[PlyCount "96"]
[EventDate "2014.??.??"]
[BlackTeam "TrÃ¼mmerfeld"]

1. c4 e5 2. Nc3 d6 3. g3 Nf6 4. Bg2 Be7 5. e4 O-O 6. d3 c6 7. Nge2 Be6 8. f4
Bg4 9. h3 Bxe2 10. Qxe2 Nbd7 11. O-O Ne8 12. f5 Bg5 13. Kh2 Bxc1 14. Raxc1 a6
15. Rc2 Nc7 16. g4 Qg5 17. Qf2 Ne8 18. Qg3 Ndf6 19. Bf3 h5 20. gxh5 Qxg3+ 21.
Kxg3 Kh7 22. Rg1 Rh8 23. Kh4 Kg8 24. Rcg2 Kf8 25. b4 Ke7 26. b5 axb5 27. cxb5
Ra3 28. Rc2 c5 29. Be2 Kd8 30. Nb1 Ra4 31. Nc3 Rd4 32. Rd1 b6 33. Bf3 Nxh5 34.
Bxh5 Nf6 35. Rh2 Nxh5 36. Kg4 Nf4 37. Ne2 Nxe2 38. Rxe2 Ke7 39. Rdd2 Ra8 40.
Kf3 Ra3 41. Re3 Kf6 42. h4 Rb4 43. Rh2 Rxb5 44. h5 Rb1 45. h6 gxh6 46. Rxh6+
Ke7 47. Rh8 Rxa2 48. Rb8 Ra6 0-1

[Event "Schachfestival 2014 - Senioren"]
[Site "Bad WÃ¶rishofen"]
[Date "2014.03.24"]
[Round "5.49"]
[White "Riegler, Markus"]
[Black "Stratmann, Dietrich"]
[Result "1-0"]
[WhiteElo "1817"]
[BlackElo "1697"]
[Annotator "chessorg"]
[PlyCount "36"]
[EventDate "2014.??.??"]
[WhiteTeam "SK Mannheim-Lindenhof 1865"]
[BlackTeam "SC Schwarz-Weiss Northeim"]

1. e4 e5 2. Nc3 Nf6 3. f4 d5 4. fxe5 Nxe4 5. Nf3 Nxc3 6. bxc3 Be7 7. d4 c6 8.
Bd3 Be6 9. O-O c5 10. Bb5+ Nd7 11. c4 cxd4 12. Nxd4 Bc5 13. Kh1 Bxd4 14. Qxd4
dxc4 15. Ba3 a6 16. Bxc4 Bxc4 17. Qxc4 Nxe5 18. Rae1 f6 1-0

[Event "Schachfestival 2014 - Senioren"]
[Site "Bad WÃ¶rishofen"]
[Date "2014.03.25"]
[Round "6.29"]
[White "Mircoli, Filippo"]
[Black "Thieme, Wolfgang"]
[Result "0-1"]
[WhiteElo "1674"]
[BlackElo "1911"]
[Annotator "chessorg"]
[PlyCount "61"]
[EventDate "2014.??.??"]
[WhiteTeam "Castelfidardo"]
[BlackTeam "Schachclub Bayer Uerdingen 1923"]

1. e4 c5 2. Nf3 e6 3. d4 cxd4 4. Nxd4 Bc5 5. Nb3 Bb6 6. c4 Ne7 7. Nc3 O-O 8.
Bd3 f5 9. c5 Bc7 10. Bg5 h6 11. Be3 f4 12. Bd4 e5 13. Nd5 Nxd5 14. Bxe5 Bxe5
15. Bc4 Qf6 16. Bxd5+ Kh8 17. Qc2 Bxb2 18. Rb1 Qc3+ 19. Qxc3 Bxc3+ 20. Ke2 Nc6
21. Kd3 Be5 22. Nd2 Bc7 23. Nc4 Ne5+ 24. Nxe5 Bxe5 25. Bxb7 Rb8 26. Bxc8 Rfxc8
27. Kc4 Rxb1 28. Rxb1 d6 29. Rb7 Rxc5+ 30. Kd3 Rc3+ 31. Kd2 0-1

[Event "Schachfestival 2014 - Senioren"]
[Site "Bad WÃ¶rishofen"]
[Date "2014.03.26"]
[Round "7.21"]
[White "Blutharsch, Walter"]
[Black "Di Lazzaro, Gabriele"]
[Result "0-1"]
[WhiteElo "1882"]
[BlackElo "1936"]
[Annotator "chessorg"]
[PlyCount "39"]
[EventDate "2014.??.??"]
[WhiteTeam "VfL Sindelfingen"]

1. e4 d5 2. exd5 Nf6 3. c4 c6 4. dxc6 Nxc6 5. Nf3 e5 6. d3 e4 7. dxe4 Qxd1+ 8.
Kxd1 Nxe4 9. Be3 Be6 10. a3 Be7 11. Nbd2 Rd8 12. Ke1 Nxd2 13. Nxd2 Bf6 14. Ra2
Nd4 15. b3 Bf5 16. Be2 O-O 17. h3 Rfe8 18. g4 Nc2+ 19. Rxc2 Bxc2 20. Kf1 0-1

[Event "Schachfestival 2014 - Senioren"]
[Site "Bad WÃ¶rishofen"]
[Date "2014.03.26"]
[Round "7.45"]
[White "Koppenhöfer, Heinz"]
[Black "Niedermaier, Peter"]
[Result "0-1"]
[WhiteElo "1710"]
[BlackElo "1844"]
[Annotator "chessorg"]
[PlyCount "64"]
[EventDate "2014.??.??"]
[WhiteTeam "TSV Solln Schachabteilung"]
[BlackTeam "SU Ebersberg-Grafing"]

1. e4 c5 2. Nf3 Nc6 3. d4 cxd4 4. Nxd4 d6 5. Nc3 Nf6 6. Bb5 Bd7 7. f3 g6 8. Be3
Bg7 9. Qd2 O-O 10. O-O-O a6 11. Nxc6 bxc6 12. Bc4 Be6 13. Qd3 Bxc4 14. Qxc4 Qc7
15. g4 Rfb8 16. h4 Qb7 17. b3 Qb4 18. Qxb4 Rxb4 19. Na4 Nd7 20. h5 Ne5 21. Rh3
c5 22. c4 Nxc4 23. Bd2 Nxd2 24. Kxd2 c4 25. Nc3 cxb3 26. axb3 Rxb3 27. Nd5 e6
28. Ne7+ Kf8 29. Nc6 Rc8 30. Rc1 Bh6+ 31. Kc2 Rxc6+ 32. Kxb3 Bxc1 0-1

[Event "Schachfestival 2014"]
[Site "Bad WÃ¶rishofen"]
[Date "2014.03.27"]
[Round "8.1"]
[White "Kveinys, Aloyzas"]
[Black "Chatalbashev, Boris"]
[Result "1/2-1/2"]
[WhiteElo "2530"]
[BlackElo "2521"]
[Annotator "chessorg"]
[PlyCount "29"]
[EventDate "2014.??.??"]

1. d4 Nf6 2. Nf3 g6 3. c4 Bg7 4. g3 d5 5. cxd5 Nxd5 6. Bg2 Nb6 7. Nc3 Nc6 8. e3
O-O 9. O-O Re8 10. d5 Na5 11. Nd4 Bd7 12. Rb1 c6 13. b4 Nac4 14. dxc6 bxc6 15.
Ne4 1/2-1/2

[Event "Schachfestival 2014"]
[Site "Bad WÃ¶rishofen"]
[Date "2014.03.27"]
[Round "8.2"]
[White "Epishin, Vladimir"]
[Black "Pap, Misa"]
[Result "1-0"]
[WhiteElo "2545"]
[BlackElo "2495"]
[Annotator "chessorg"]
[PlyCount "59"]
[EventDate "2014.??.??"]
[BlackTeam "Sfr. Korbach"]

1. d4 Nf6 2. Nf3 e6 3. c4 c5 4. Nc3 cxd4 5. Nxd4 Nc6 6. a3 Nxd4 7. Qxd4 b6 8.
Bg5 h6 9. Bh4 Bc5 10. Qd3 Bb7 11. Rd1 a6 12. e4 e5 13. Bxf6 gxf6 14. g3 Qc7 15.
Bh3 Bd4 16. Ne2 Bxb2 17. Rd2 Bd4 18. Nxd4 exd4 19. Qxd4 O-O-O 20. O-O Rhe8 21.
f3 Re5 22. Rb1 Rc5 23. Qxf6 Bc6 24. Qd4 Ba4 25. Bf1 Re8 26. Rdb2 Re6 27. Rb4 a5
28. Rxa4 Kb7 29. Rb5 Rd6 30. Qxc5 1-0

[Event "Schachfestival 2014"]
[Site "Bad WÃ¶rishofen"]
[Date "2014.03.27"]
[Round "8.3"]
[White "Mainka, Romuald"]
[Black "Teske, Henrik"]
[Result "1/2-1/2"]
[WhiteElo "2416"]
[BlackElo "2519"]
[Annotator "chessorg"]
[PlyCount "89"]
[EventDate "2014.??.??"]
[WhiteTeam "Schachclub Hansa Dortmund e.V."]
[BlackTeam "SV Glueck auf Ruedersdorf e.V."]

1. e4 e6 2. d4 d5 3. Nd2 c5 4. exd5 Qxd5 5. dxc5 Bxc5 6. Ngf3 Nf6 7. Bc4 Qc6 8.
Qe2 Nbd7 9. Nb3 O-O 10. Nxc5 Qxc5 11. Bf4 b5 12. Bd3 Qb4+ 13. Bd2 Qxb2 14. O-O
Nd5 15. a4 b4 16. Rab1 Qa2 17. Ra1 Qb2 18. Qe4 g6 19. Rab1 Qh8 20. Bxb4 N7f6
21. Qh4 Nxb4 22. Qxb4 Nd5 23. Qd6 a5 24. Ne5 Qf6 25. Nc6 Kg7 26. Rfe1 Ba6 27.
Rb3 Bxd3 28. Rxd3 Ra6 29. Qd7 Qf4 30. Ne5 Qb4 31. c3 Qb8 32. g3 Qa7 33. c4 Qxd7
34. Nxd7 Nb4 35. Rd2 Rd8 36. Red1 Rc6 37. Ne5 Rxd2 38. Rxd2 Rc5 39. f4 Nc6 40.
Nxc6 Rxc6 41. Rc2 Kf6 42. Kf2 Ke7 43. Ke3 Rb6 44. c5 Rb4 45. c6 1/2-1/2

[Event "Schachfestival 2014"]
[Site "Bad WÃ¶rishofen"]
[Date "2014.03.27"]
[Round "8.4"]
[White "Yagupov, Igor"]
[Black "Nikolov, Momchil"]
[Result "1/2-1/2"]
[WhiteElo "2393"]
[BlackElo "2515"]
[Annotator "chessorg"]
[PlyCount "24"]
[EventDate "2014.??.??"]

1. e4 e5 2. Nf3 Nc6 3. Bb5 a6 4. Ba4 Nge7 5. O-O g6 6. c3 Bg7 7. d4 exd4 8.
cxd4 b5 9. d5 bxa4 10. dxc6 Rb8 11. Qxa4 Nxc6 12. Nc3 O-O 1/2-1/2

[Event "Schachfestival 2014"]
[Site "Bad WÃ¶rishofen"]
[Date "2014.03.27"]
[Round "8.5"]
[White "Fernandez, Daniel Howard"]
[Black "Naumkin, Igor"]
[Result "1/2-1/2"]
[WhiteElo "2373"]
[BlackElo "2477"]
[Annotator "chessorg"]
[PlyCount "52"]
[EventDate "2014.??.??"]
[WhiteTeam "Marple (England)"]

1. e4 e5 2. Nf3 Nc6 3. Nc3 Nf6 4. Bb5 Bb4 5. O-O O-O 6. Bxc6 dxc6 7. Nxe5 Re8
8. Nd3 Bxc3 9. dxc3 Nxe4 10. Qf3 Nd6 11. Bf4 Be6 12. Rfe1 Bd5 13. Qh5 f6 14. b3
a5 15. Rxe8+ Qxe8 16. Qxe8+ Rxe8 17. c4 Be4 18. Nc5 Bxc2 19. Bxd6 cxd6 20. Nxb7
d5 21. cxd5 cxd5 22. Nxa5 d4 23. Nc4 Re2 24. Kf1 Bd3 25. Rd1 Rd2+ 26. Ke1 Re2+
1/2-1/2

[Event "Schachfestival 2014"]
[Site "Bad WÃ¶rishofen"]
[Date "2014.03.27"]
[Round "8.6"]
[White "Karpatchev, Alexandr"]
[Black "Mihajlov, Sebastian"]
[Result "1/2-1/2"]
[WhiteElo "2464"]
[BlackElo "2207"]
[Annotator "chessorg"]
[PlyCount "48"]
[EventDate "2014.??.??"]
[BlackTeam "OSS(Oslo)"]

1. e4 g6 2. d4 Bg7 3. Nf3 c6 4. Bd3 d6 5. h3 Nd7 6. O-O e5 7. dxe5 dxe5 8. b3
Nc5 9. Bb2 f6 10. b4 Nxd3 11. cxd3 Nh6 12. d4 Nf7 13. Qb3 exd4 14. Bxd4 O-O 15.
Nc3 Re8 16. Rad1 Be6 17. Qc2 Qc8 18. Rfe1 b6 19. Qa4 Qb7 20. Ne2 a5 21. a3 Bd7
22. Bxb6 Rxe4 23. Bxa5 f5 24. Ng3 Rxe1+ 1/2-1/2

[Event "Schachfestival 2014"]
[Site "Bad WÃ¶rishofen"]
[Date "2014.03.27"]
[Round "8.8"]
[White "Mitchell, Martin"]
[Black "Pirrot, Dieter"]
[Result "0-1"]
[WhiteElo "2217"]
[BlackElo "2379"]
[Annotator "chessorg"]
[PlyCount "50"]
[EventDate "2014.??.??"]
[BlackTeam "SV 1920 Hofheim"]

1. d4 d5 2. c4 e6 3. Nc3 c5 4. cxd5 cxd4 5. Qa4+ Bd7 6. Qxd4 exd5 7. Qxd5 Nc6
8. Nf3 Nf6 9. Qd1 Bc5 10. e3 Qe7 11. Be2 O-O-O 12. O-O Kb8 13. a3 g5 14. b4 g4
15. bxc5 gxf3 16. Bxf3 Ne5 17. Bd5 Bg4 18. f3 Be6 19. e4 Qxc5+ 20. Rf2 Qxc3 21.
Bb2 Qc7 22. Rc1 Qd6 23. h3 Bxd5 24. exd5 Rhe8 25. f4 Ned7 0-1

[Event "Schachfestival 2014"]
[Site "Bad WÃ¶rishofen"]
[Date "2014.03.27"]
[Round "8.9"]
[White "Maier, Marius"]
[Black "Estremera, Sergio"]
[Result "1/2-1/2"]
[WhiteElo "1949"]
[BlackElo "2353"]
[Annotator "chessorg"]
[PlyCount "49"]
[EventDate "2014.??.??"]
[WhiteTeam "SC 1964 Dielheim"]

1. d4 Nf6 2. c4 e6 3. Nc3 Bb4 4. Qc2 O-O 5. a3 Bxc3+ 6. Qxc3 d5 7. e3 Ne4 8.
Qc2 c5 9. dxc5 Nc6 10. cxd5 exd5 11. f3 Qh4+ 12. g3 Nxg3 13. Qf2 Nf5 14. Qxh4
Nxh4 15. Kf2 Bf5 16. Bd2 Bg6 17. Bc3 Rfe8 18. Bb5 Nf5 19. Bxc6 bxc6 20. Re1 Re7
21. Nh3 Rae8 22. Bd4 Bh5 23. Nf4 Nxd4 24. Nxh5 Nf5 25. Rhg1 1/2-1/2

[Event "Schachfestival 2014"]
[Site "Bad WÃ¶rishofen"]
[Date "2014.03.27"]
[Round "8.10"]
[White "Seifert, Volker"]
[Black "Schulze, Ulrich"]
[Result "1-0"]
[WhiteElo "2321"]
[BlackElo "2296"]
[Annotator "chessorg"]
[PlyCount "33"]
[EventDate "2014.??.??"]
[WhiteTeam "USV TU Dresden"]
[BlackTeam "SC Bretten"]

1. d4 Nf6 2. c4 g6 3. Nc3 d5 4. cxd5 Nxd5 5. Na4 Bg7 6. e4 Nb6 7. Be3 O-O 8.
Nf3 e5 9. Nxb6 axb6 10. d5 Nd7 11. Qc2 c6 12. dxc6 bxc6 13. Qxc6 Ra7 14. Bb5
Rc7 15. Qd6 Nc5 16. Qxd8 Rxd8 17. O-O 1-0

[Event "Schachfestival 2014"]
[Site "Bad WÃ¶rishofen"]
[Date "2014.03.27"]
[Round "8.11"]
[White "Dittmar, Peter"]
[Black "Zuse, Peter"]
[Result "1/2-1/2"]
[WhiteElo "2303"]
[BlackElo "2262"]
[Annotator "chessorg"]
[PlyCount "49"]
[EventDate "2014.??.??"]
[WhiteTeam "SC Oberwinden 1957 e.V."]
[BlackTeam "Klub Koelner Schachfreunde e.V. 1"]

1. d4 Nf6 2. c4 g6 3. Nc3 d5 4. Nf3 Bg7 5. Bg5 dxc4 6. e4 c5 7. d5 b5 8. d6 Bb7
9. e5 Ne4 10. Nxe4 Bxe4 11. a4 Nc6 12. axb5 Bxf3 13. gxf3 Nxe5 14. f4 Nd3+ 15.
Bxd3 cxd3 16. Bxe7 Qd7 17. Qxd3 Bxb2 18. Ra4 Bd4 19. Rxd4 cxd4 20. Qxd4 Qe6+
21. Kd2 Qa2+ 22. Ke3 Qb3+ 23. Kd2 Qa2+ 24. Ke3 Qb3+ 25. Kd2 1/2-1/2

[Event "Schachfestival 2014"]
[Site "Bad WÃ¶rishofen"]
[Date "2014.03.27"]
[Round "8.12"]
[White "Abdumalik, Zhansaya"]
[Black "Bodrozic, Tomislav"]
[Result "1/2-1/2"]
[WhiteElo "2379"]
[BlackElo "2259"]
[Annotator "chessorg"]
[PlyCount "74"]
[EventDate "2014.??.??"]
[BlackTeam "SF Birkenfeld"]

1. e4 c5 2. Nf3 d6 3. d4 cxd4 4. Nxd4 Nf6 5. Nc3 a6 6. Be2 g6 7. O-O Bg7 8. a4
Nbd7 9. a5 Qc7 10. Kh1 O-O 11. Nb3 b5 12. axb6 Nxb6 13. Bd3 Nc4 14. Qe2 Be6 15.
Nd4 Rfc8 16. Ra4 Nb6 17. Rxa6 Bc4 18. Rxa8 Rxa8 19. Bxc4 Nxc4 20. b3 Na3 21.
Qd3 Rc8 22. Bxa3 Qxc3 23. Qxc3 Rxc3 24. Bb2 Rc8 25. f3 e5 26. Nb5 Rxc2 27. Ba3
d5 28. exd5 Nxd5 29. Rd1 Bf8 30. Rxd5 Bxa3 31. h3 Bb2 32. Nd6 Bc1 33. Rd1 Kf8
34. Ne4 Ke7 35. b4 Be3 36. Rb1 f5 37. Nc5 Bxc5 1/2-1/2

[Event "Schachfestival 2014"]
[Site "Bad WÃ¶rishofen"]
[Date "2014.03.27"]
[Round "8.14"]
[White "Ivanov, Mikhail M"]
[Black "Seidler, Lukas"]
[Result "1-0"]
[WhiteElo "2367"]
[BlackElo "2177"]
[Annotator "chessorg"]
[PlyCount "107"]
[EventDate "2014.??.??"]
[BlackTeam "TSV Schott Mainz"]

1. d4 Nf6 2. c4 e6 3. g3 Bb4+ 4. Nd2 Nc6 5. a3 Bxd2+ 6. Qxd2 d6 7. Nf3 O-O 8.
Bg2 Ne4 9. Qc2 f5 10. b4 Ne7 11. O-O Qe8 12. Ne1 Nf6 13. Nd3 Ng6 14. b5 h5 15.
a4 h4 16. c5 d5 17. c6 bxc6 18. Qxc6 Qxc6 19. bxc6 Kf7 20. Ba3 Re8 21. Rab1 Ne4
22. Rfc1 Ba6 23. Rb7 Rec8 24. Bf3 Bxd3 25. exd3 Nf6 26. a5 a6 27. Bd6 Ne8 28.
Be5 Nxe5 29. dxe5 g6 30. gxh4 Ng7 31. Rcb1 Kg8 32. Kf1 Kh7 33. Ke2 Kh6 34. Ke3
Nh5 35. R1b4 Ng7 36. Kd4 Ne8 37. Kc5 Ng7 38. Rb1 Ne8 39. Be2 Ng7 40. Rg1 Nh5
41. Bxh5 Kxh5 42. Rg5+ Kh6 43. f4 Rab8 44. h5 gxh5 45. h4 Ra8 46. Rb2 Rg8 47.
Rxg8 Rxg8 48. Rb7 Rc8 49. Ra7 Kg7 50. Rxa6 Kf7 51. Ra7 Ke7 52. Rb7 Kd8 53. a6
Ra8 54. a7 1-0

[Event "Schachfestival 2014"]
[Site "Bad WÃ¶rishofen"]
[Date "2014.03.27"]
[Round "8.16"]
[White "Friedrich, Norbert"]
[Black "Cherednichenko, Elena"]
[Result "1/2-1/2"]
[WhiteElo "2316"]
[BlackElo "2174"]
[Annotator "chessorg"]
[PlyCount "65"]
[EventDate "2014.??.??"]
[WhiteTeam "Waldshut-Tiengen"]
[BlackTeam "Sport Klub ISD Donetsk"]

1. e4 e5 2. Nf3 Nc6 3. Bb5 g6 4. O-O d6 5. d4 exd4 6. Qxd4 f6 7. Nc3 Bd7 8. Qd1
Bg7 9. a3 Ne5 10. Nxe5 dxe5 11. Bc4 c6 12. f4 Qb6+ 13. Kh1 Qd4 14. Qe2 Bg4 15.
Qxg4 Qxc4 16. Rd1 f5 17. Qf3 Ne7 18. fxe5 O-O 19. Bg5 Rae8 20. Qd3 Qxd3 21.
Rxd3 fxe4 22. Nxe4 Bxe5 23. Nd6 Bxd6 24. Rxd6 Nf5 25. Rd7 Rf7 26. Rxf7 Kxf7 27.
Rf1 Re4 28. Kg1 Ke6 29. Rd1 Rg4 30. Bd2 Nh4 31. g3 Nf3+ 32. Kg2 Nxd2 33. Rxd2
1/2-1/2

[Event "Schachfestival 2014"]
[Site "Bad WÃ¶rishofen"]
[Date "2014.03.27"]
[Round "8.17"]
[White "Lupor, André"]
[Black "Müller, Werner"]
[Result "1-0"]
[WhiteElo "2297"]
[BlackElo "2172"]
[Annotator "chessorg"]
[PlyCount "73"]
[EventDate "2014.??.??"]
[WhiteTeam "Schachgemeinschaft Ennepe-Ruhr-S"]
[BlackTeam "SK 1908 Goeggingen"]

1. d4 Nf6 2. c4 e6 3. Nc3 c5 4. d5 exd5 5. cxd5 d6 6. e4 g6 7. Bd3 Bg7 8. h3
O-O 9. Nf3 a6 10. a4 Nbd7 11. O-O Re8 12. Re1 Rb8 13. Bf4 Qc7 14. Qd2 Nh5 15.
Bh2 c4 16. Bf1 Ne5 17. Nxe5 Bxe5 18. Bxe5 Rxe5 19. a5 Bd7 20. g4 Ng7 21. f4
Ree8 22. Qd4 h5 23. e5 hxg4 24. hxg4 Bxg4 25. Ne4 Nh5 26. Nxd6 Red8 27. Bxc4
Rxd6 28. exd6 Qxd6 29. Ra3 Rc8 30. Rae3 Bd7 31. f5 Ng7 32. fxg6 fxg6 33. b3 Nf5
34. Qe5 Qc5 35. d6+ Kh7 36. Qxc5 Rxc5 37. Re7+ 1-0

[Event "Schachfestival 2014"]
[Site "Bad WÃ¶rishofen"]
[Date "2014.03.27"]
[Round "8.18"]
[White "Dehlinger, Alexander"]
[Black "Kugelmann, Werner"]
[Result "1/2-1/2"]
[WhiteElo "2266"]
[BlackElo "2162"]
[Annotator "chessorg"]
[PlyCount "23"]
[EventDate "2014.??.??"]
[WhiteTeam "SC Garching 1980 e.V."]
[BlackTeam "TSV Wertingen 1862 SAbt"]

1. Nf3 Nf6 2. c4 g6 3. g3 Bg7 4. Bg2 O-O 5. O-O d6 6. d4 Nc6 7. Nc3 a6 8. b3
Rb8 9. Nd5 Bg4 10. Ne3 Bxf3 11. exf3 Nxd4 12. Bb2 1/2-1/2

[Event "Schachfestival 2014"]
[Site "Bad WÃ¶rishofen"]
[Date "2014.03.27"]
[Round "8.19"]
[White "Schäfer, Michael"]
[Black "Kummerow, Heiko"]
[Result "0-1"]
[WhiteElo "2195"]
[BlackElo "2263"]
[Annotator "chessorg"]
[PlyCount "50"]
[EventDate "2014.??.??"]
[WhiteTeam "Freibauer Moerlenbach-Birkenau"]
[BlackTeam "Recklinghaeuser Schachgemeinschaf"]

1. d4 Nf6 2. c4 g6 3. Nc3 Bg7 4. e4 d6 5. Be2 O-O 6. Bg5 h6 7. Be3 Nbd7 8. h3
c5 9. d5 b5 10. cxb5 a6 11. bxa6 Bxa6 12. Bxa6 Rxa6 13. Nge2 Qb6 14. Rb1 Qb4
15. Qc2 Rxa2 16. O-O Raa8 17. f4 Rfb8 18. Nc1 Ng4 19. hxg4 Bxc3 20. Ne2 Bxb2
21. Rf3 Ra1 22. g5 hxg5 23. e5 Rxb1+ 24. Qxb1 dxe5 25. f5 Bd4 0-1

[Event "Schachfestival 2014"]
[Site "Bad WÃ¶rishofen"]
[Date "2014.03.27"]
[Round "8.31"]
[White "Santl, Anton"]
[Black "Zunker, Reinhard"]
[Result "1/2-1/2"]
[WhiteElo "2044"]
[BlackElo "2188"]
[Annotator "chessorg"]
[PlyCount "24"]
[EventDate "2014.??.??"]
[WhiteTeam "Schach-Union Muenchen e.V."]
[BlackTeam "SV 1920 Hofheim"]

1. Nf3 d5 2. c4 d4 3. c5 f6 4. Qa4+ Nc6 5. b4 e5 6. b5 Nb8 7. Ba3 Qd5 8. e3
dxe3 9. fxe3 Qd7 10. c6 bxc6 11. bxc6 Qg4 12. d4 Ne7 1/2-1/2